000 00360 a2200145 4500
999 _c12797
_d12797
003 OSt
005 20240722171405.0
008 240722b ||||| |||| 00| 0 eng d
020 _a9788774070047
082 _a307.1416
245 _aMission Neighbourhood - (Re)forming Communities
260 _b‎ Arkitektens Forlag
_c 2024
300 _a455p;
942 _2ddc